000 00279nam a2200121 a 4500
008 101022s1978|||| d
100 1 _aLivius, Titus
245 1 0 _aHrdinské báje Ríma
260 _bTatran
_aBratislava
_c1978
041 _aslo
020 _c19
044 _axo
_cSK
999 _c12024
_d12024